000 00779nam a2200229 i 4500
001 134596
003 ES-MaACL
005 20230906194715.0
007 t|
008 070912q1912 sp ||||1| spa d
100 1 _aWedgood, Josiah.
_9116286
245 1 3 _aEl camino hacia la libertad y lo que hay más allá /
_cJosiah y Ethel Wedgood ; traducción directa del inglés por Manuel Vallvé.
260 _aBarcelona :
_bEl Consultor Bibliográfico,
_c[1912?]
300 _a206 p. ;
_c18 cm.
490 1 _aBiblioteca Georgista ;
_v16
650 _aCivilización-
_xFilosofía.
_911081
700 1 _aWedgood, Ethel.
_9116285
700 1 _aVallvé, Manuel.
_9112961
830 0 _aBiblioteca Georgista ;
_v16
_9186550
852 _aES-MaACL
_jA-1137
999 _c134596
_d134596